000 00415nam a2200145Ia 4500
008 100204s9999 xx 000 0 und d
082 _b13727
100 _aजोगळेकर योगिनी
245 _aसुहृद
260 _b"उदयदीप प्रकाशन , मुंबई"
_c1984
300 _a209
630 _aसुहृद
730 _aसुहृद
942 _cBOOK
999 _c458159
_d458156